| 000 | 00580nam a2200241 a 4500 | ||
|---|---|---|---|
| 001 | 0001-1275 | ||
| 003 | ELIB.Books | ||
| 008 | 150625 2010 eng | ||
| 020 | _a9781848660007 | ||
| 035 | _a(ELIB.Books)0001-1430 | ||
| 092 |
_aB _bSch |
||
| 100 | _aSchmidt, Michael. | ||
| 245 | _aThe Great Modern Poets | ||
| 260 |
_aEngland _bQuercus _c2010 |
||
| 300 |
_a224 _c26.5 Cm |
||
| 500 | _aLibrary | ||
| 650 | _aBiography | ||
| 856 |
_nKBTS: Library _uKBTS: Elib |
||
| 942 |
_2ddc _cBK |
||
| 990 | _a1 | ||
| 998 |
_cbat _e2015-06-25 |
||
| 999 |
_c11275 _d11275 |
||